zpět

Detail výsledku týmu

Hasičárna Novesta, Zlín

Datum a čas kvízu

24.5 Celkem bodů Celkový počet nahraných bodů na tomto kvízu bez doplňovacích otázek.
15. Pořadí na kvízu Konečné umístění týmu na tomto kvízu.

Zaznamenané odpovědi

# Otázka Odpověď Body Výsledky
1. Ve vládě premiéra Petra Fialy... Helena Langšádlová 0
2. Posádka tureckých nízkonáklado... Britové 0
3. Fanoušci seriálu Simpsonovi sm... Larry 1
4. Minulý týden jsme se dozvěděli... Datart 1
5. Olympijskému vítězi ve skocích... na Islandu 0
6. Sugo all'amatriciana patří mez... guanciale; pecorino 1
7. Napište zakrytou značku zobraz... Kikkoman 1
8. Když se řekne omáčka, určitě s... 15 1
9. Město Worcester dalo jméno jed... C; čertovo lejno 0.5
10. Jak se označuje tato jednoduch... velouté 1